Trouvez le joueur mystère #3 - Statistiques

Statistiques générales
  • Ce quiz a été pris 517 fois
  • Le résultat moyen est 11 sur 13
Statistiques - réponses
% Correct
Coupe du monde (nombre) : 1
96%
Pays Espagne
96%
Coupe continentale : 2
95%
Ligue des champions : 2
95%
Poste Milieu défensif
92%
2009-2014 Real Madrid
90%
2014-2017 Bayern Munich
83%
2004-2009 Liverpool FC
81%
Clubs :2000-2004 Real Sociedad
77%
En tant que coach :2019-2022 Real Sociedad B
77%
2022- Bayer Leverkusen
75%
2000 (prêt) SD Eibar
75%
Joueur mystère Xabi Alonso
75%
Aucun quiz correspondant
Distribution des résultats
% des personnes avec chaque résultat
Percentile par nombre de réponses
Votre historique - résultats
Vous n’avez pas pris ce quiz